Premeny prírodnej krajiny III (september, október)

Bibliographic Details
Main Authors: Majerová, Zuzana (geografka) (Author), Feráková, Lucia (Author)
Format: Article
Language:Slovak
PhysicalDescription:Fotogr.
ISSN:1335-9258
Subjects:

MARC

LEADER 00000nab a2200000 a 4500
001 vtls000858049
003 SK-MaSNL
005 20260304111825.0
008 250429c2003 xo 0 slo
015 |a SNBRB2004/01-01012 
035 |a CLN000209699 
035 |a urn:nbn:sk:snk-ab2gop 
035 |a (urnnbn)urn:nbn:sk:snk:ar-a02eh4 
035 |a (uuid)be00ac9e-62c4-43d2-9fe4-9533d666b275 
040 |a SNKBUCL  |b slo  |c SNKBUCL  |e AACR2 
041 0 |a slo 
044 |a xo  |c SK 
080 |a 551.14  |2 1997 
080 |a 551.51  |2 1997 
080 |a 911.52  |2 1997 
080 |a 574  |2 1997 
080 |a 556  |2 1997 
100 1 |a Majerová, Zuzana  |c (geografka)  |4 aut  |9 79395 
245 1 0 |a Premeny prírodnej krajiny  |n III (september, október)  |c Zuzana Majerová - Lucia Feráková 
300 |b Fotogr. 
650 0 7 |a atmosféra  |2 snkbucl  |9 3639 
650 0 7 |a litosféra  |2 snkbucl  |9 50677 
650 0 7 |a prírodné prostredie  |2 snkbucl  |9 49995 
650 0 7 |a hydrosféra  |2 snkbucl  |9 74554 
650 0 7 |a biosféra  |2 snkbucl  |9 17111 
655 7 |a články z novín a časopisov  |2 snkbucl  |9 267496 
700 1 |a Feráková, Lucia  |4 aut  |9 736583 
773 0 |t Geografia  |g Roč. 11, č. 3 (2003), s. 120-124  |x 1335-9258 
850 |a Slovenská národná knižnica 
852 |a Slovenská národná knižnica 
954 |a odborná, vedecká literatúra pôvodná (slovenská)  |2 lita 
958 |a article27 
958 |a OND 
958 |a EUIPO 
992 |a RBX 
999 |c 2863313  |d 2865243